Supreme Court Civil Appeal No. 7 of 2005 Geoffrey Gatete ande another vs William Kyobe (Record no. 3473)
[ view plain ]
| 000 -LEADER | |
|---|---|
| fixed length control field | 00708nam a22001097a 4500 |
| 008 - FIXED-LENGTH DATA ELEMENTS--GENERAL INFORMATION | |
| fixed length control field | 110621t xxu||||| |||| 00| 0 eng d |
| 010 ## - LIBRARY OF CONGRESS CONTROL NUMBER | |
| LC control number | SCCA F-3 |
| 245 ## - TITLE STATEMENT | |
| Title | Supreme Court Civil Appeal No. 7 of 2005 Geoffrey Gatete ande another vs William Kyobe |
| 260 ## - PUBLICATION, DISTRIBUTION, ETC. (IMPRINT) | |
| Date of publication, distribution, etc | 2005 |
| Place of publication, distribution, etc | SUPREME COURT MENGO |
| 500 ## - GENERAL NOTE | |
| General note | Coram: Tsekooko,Karokora, Mulenga, Kanyeihamba and Katureebe JJ.S.C<br/> |
| 500 ## - GENERAL NOTE | |
| General note | Appeal from adecision of the Court of Appeal (Okello, Engwau & Byamugisha JJ.A)<br/><br/><br/><br/><br/><br/><br/><br/><br/><br/>Appeal from the ruling and order of the High Court Ogoola, J dated 11/07/2002 in miscellaneous application No.255 of 2002.<br/><br/><br/><br/><br/><br/><br/><br/><br/><br/><br/><br/><br/><br/><br/><br/><br/><br/><br/><br/><br/><br/>Appeal from the ruling and orders from the High Court <br/><br/><br/><br/> |
| Withdrawn status | Lost status | Source of classification or shelving scheme | Damaged status | Koha normalized classification for sorting | Not for loan | Location (home branch) | Sublocation or collection (holding branch) | Shelving location | Date acquired | Koha issues (times borrowed) | Koha full call number | Piece designation (barcode) | Koha date last seen | Price effective from | Koha item type | Public note |
|---|---|---|---|---|---|---|---|---|---|---|---|---|---|---|---|---|
| Dewey Decimal Classification | SCCAF__3 | Law Development Centre Main Library | Law Development Centre Main Library | Reference | 12/10/2012 | SCCAF_3 | 3820/2012 | 12/10/2012 | 12/10/2012 | Un Reported Cases | JUDGEMENT WAS ENTERED ON 21ST OF SEPT 2007 | |||||
| Dewey Decimal Classification | SCCAF_3 | Law Development Centre Main Library | Law Development Centre Main Library | Law Reports | 07/09/2019 | SCCAF:3 | 575/2019 | 07/09/2019 | 07/09/2019 | Un Reported Cases | JUDGEMENT WAS ENTERED ON 21ST OF SEPT 2007 | |||||
| Dewey Decimal Classification | SCCAF_3 | Law Development Centre Main Library | Law Development Centre Main Library | Law Reports | 07/09/2019 | SCCAF:3 | 576/2019 | 07/09/2019 | 07/09/2019 | Un Reported Cases | JUDGEMENT WAS ENTERED ON 21ST OF SEPT 2007 | |||||
| Dewey Decimal Classification | SCCAF_3 | Law Development Centre Main Library | Law Development Centre Main Library | Law Reports | 07/09/2019 | SCCAF:3 | 577/2019 | 07/09/2019 | 07/09/2019 | Un Reported Cases | JUDGEMENT WAS ENTERED ON 21ST OF SEPT 2007 | |||||
| Dewey Decimal Classification | SCCAF_3 | Law Development Centre Main Library | Law Development Centre Main Library | Law Reports | 07/09/2019 | SCCAF:3 | 578/2019 | 07/09/2019 | 07/09/2019 | Un Reported Cases | JUDGEMENT WAS ENTERED ON 21ST OF SEPT 2007 |
